[Event "La Roda op 47th"]
[Site "La Roda"]
[Date "2021.12.08"]
[Round "7"]
[White "Carrasco Martinez, Juan Manuel"]
[Black "Castellanos Gomez, Alejandro"]
[Result "1/2-1/2"]
[WhiteElo "2382"]
[BlackElo "2259"]
[PlyCount "41"]
[EventDate "2021.12.04"]
[EventType "swiss"]
[EventRounds "9"]
[EventCountry "ESP"]
[SourceTitle "CBM 205 Extra"]
[Source "ChessBase"]
[SourceDate "2022.01.31"]
[SourceVersion "1"]
[SourceVersionDate "2022.01.31"]
[SourceQuality "1"]

1. e4 e6 2. d4 d5 3. Nd2 Nf6 4. e5 Nfd7 5. f4 c5 6. c3 Nc6 7. Ndf3 cxd4 8. cxd4 Bb4+ 9. Bd2 Qa5 10. a3 Bxd2+ 11. Qxd2 Qxd2+ 12. Kxd2 Na5 13. Kc3 Nb6 14. b3 Bd7 15. Bd3 Nc6 16. Ne2 a5 17. a4 Nb4 18. Rhc1 Ke7 19. Kd2 Nxd3 20. Kxd3 Rhc8 21. Rxc8 1/2-1/2

[Event "La Roda op 47th"]
[Site "La Roda"]
[Date "2021.12.07"]
[Round "8"]
[White "Iglesias Ferreira, Andres"]
[Black "Carrasco Martinez, Juan Manuel"]
[Result "0-1"]
[WhiteElo "2104"]
[BlackElo "2382"]
[PlyCount "176"]
[EventDate "2021.12.04"]
[EventType "swiss"]
[EventRounds "9"]
[EventCountry "ESP"]
[SourceTitle "CBM 205 Extra"]
[Source "ChessBase"]
[SourceDate "2022.01.31"]
[SourceVersion "1"]
[SourceVersionDate "2022.01.31"]
[SourceQuality "1"]

1. e4 g6 2. d4 Bg7 3. Nc3 d6 4. Be3 c6 5. Qd2 b5 6. 0-0-0 Qa5 7. Kb1 Nd7 8. f4 b4 9. Nce2 Ngf6 10. Ng3 Rb8 11. N1e2 Ng4 12. Bg1 Ba6 13. e5 Nb6 14. Nc1 Bxf1 15. Rxf1 0-0 16. Qe2 Nh6 17. Nb3 Qd5 18. Qe4 f6 19. Qxd5+ Nxd5 20. exd6 exd6 21. f5 Rfe8 22. fxg6 hxg6 23. Nc1 f5 24. h3 Re7 25. Bf2 Rbe8 26. Rd1 f4 27. Nf1 Nf5 28. g4 Nfe3 29. Nxe3 fxe3 30. Bg3 Re6 31. Ne2 Rf8 32. Rhf1 Ref6 33. Rxf6 Rxf6 34. c4 bxc3 35. bxc3 Nb6 36. Rd3 Nc4 37. Bf4 g5 38. Bg3 Rf1+ 39. Kc2 d5 40. Rd1 Rf7 41. Nc1 Rb7 42. Nb3 a5 43. a4 Na3+ 44. Kb2 Nc4+ 45. Kc2 Rf7 46. Nc1 Rf3 47. Ne2 Bf6 48. Rh1 Kf7 49. Rd1 Ke7 50. Rh1 Kd7 51. Rd1 Be7 52. Rg1 Bd6 53. Bxd6 Kxd6 54. Rg3 Rf2 55. Kd3 Rh2 56. Rf3 Rh1 57. Ng3 Rd1+ 58. Ke2 Rd2+ 59. Ke1 Rd3 60. Ke2 Rxc3 61. Nf5+ Kc7 62. h4 gxh4 63. Nxh4 Rc2+ 64. Ke1 Rh2 65. Nf5 Rg2 66. Rg3 Rxg3 67. Nxg3 Kd6 68. Nf5+ Ke6 69. Ke2 Nb2 70. Nxe3 Nxa4 71. g5 Nc3+ 72. Kd3 Ne4 73. g6 Nd6 74. g7 Kf7 75. Ng4 Nc4 76. Nf6 Kxg7 77. Nd7 a4 78. Kc3 Nd6 79. Kb4 Nb5 80. Kxa4 Nxd4 81. Kb4 Ne6 82. Nb8 c5+ 83. Kb5 Kf6 84. Nd7+ Kf5 85. Nb6 Ke4 86. Nd7 Kd4 87. Nb6 c4 88. Kb4 Nf4 0-1

[Event "ESP-ch 86th"]
[Site "Linares"]
[Date "2021.08.24"]
[Round "9"]
[White "Perez Candelario, Manuel"]
[Black "Carrasco Martinez, Juan Manuel"]
[Result "1-0"]
[WhiteElo "2585"]
[BlackElo "2370"]
[PlyCount "55"]
[EventDate "2021.08.16"]
[EventType "swiss"]
[EventRounds "9"]
[EventCountry "ESP"]
[SourceTitle "CBM 204 Extra"]
[Source "ChessBase"]
[SourceDate "2021.11.30"]
[SourceVersion "1"]
[SourceVersionDate "2021.11.30"]
[SourceQuality "1"]

1. e4 d6 2. d4 Nf6 3. Nc3 Nbd7 4. Nf3 e5 5. Bc4 Be7 6. a4 0-0 7. 0-0 a5 8. h3 c6 9. Re1 exd4 10. Qxd4 Nc5 11. Be3 Be6 12. Rad1 Nfd7 13. Bf1 Qb6 14. Ng5 Qb4 15. Nxe6 Nxe6 16. Qc4 Nb6 17. Qxb4 axb4 18. Bxb6 bxc3 19. b3 c5 20. Re3 Nd4 21. Rxc3 Bf6 22. Rc4 Rfc8 23. a5 Nb5 24. Rd3 Be5 25. b4 cxb4 26. Rxb4 Na7 27. Rb1 Rxc2 28. a6 1-0

[Event "Seville op 45th"]
[Site "Seville"]
[Date "2020.01.18"]
[Round "9"]
[White "Carrasco Martinez, Juan Manuel"]
[Black "Silva Lucena, Cristian"]
[Result "0-1"]
[WhiteElo "2391"]
[BlackElo "2217"]
[PlyCount "62"]
[EventDate "2020.01.10"]
[EventType "swiss"]
[EventRounds "9"]
[EventCountry "ESP"]
[SourceTitle "CBM 194 Extra"]
[Source "ChessBase"]
[SourceDate "2020.03.31"]
[SourceVersion "1"]
[SourceVersionDate "2020.03.31"]
[SourceQuality "1"]

1. e4 e5 2. Nf3 Nc6 3. d4 exd4 4. Nxd4 Nf6 5. Nxc6 bxc6 6. Nd2 Bc5 7. Bd3 0-0 8. 0-0 Re8 9. Nb3 Bb6 10. Qf3 d6 11. h3 Nd7 12. Kh1 Qh4 13. Bf4 Ne5 14. Qg3 Qxg3 15. Bxg3 Nxd3 16. cxd3 a5 17. Rfc1 a4 18. Nd2 Ba6 19. Rxc6 Bxd3 20. f3 Rab8 21. Nc4 Bc5 22. b3 axb3 23. axb3 Rxb3 24. Na5 Rb5 25. Be1 Bb6 26. Rcc1 f5 27. exf5 Rxe1+ 28. Rxe1 Bxa5 29. Re8+ Kf7 30. Ra8 Bb6 31. g4 Rb1+ 0-1

[Event "Ferreira do Alentejo 2nd"]
[Site "Ferreira do Alentejo"]
[Date "2019.12.21"]
[Round "8"]
[White "Carrasco Martinez, Juan Manuel"]
[Black "Alekseev, Evgeny V"]
[Result "1/2-1/2"]
[WhiteElo "2385"]
[BlackElo "2620"]
[PlyCount "30"]
[EventDate "2019.12.17"]
[EventType "swiss"]
[EventRounds "9"]
[EventCountry "POR"]
[SourceTitle "CBM 193 Extra"]
[Source "ChessBase"]
[SourceDate "2020.01.31"]
[SourceVersion "1"]
[SourceVersionDate "2020.01.31"]
[SourceQuality "1"]

1. e4 e5 2. Nf3 Nc6 3. d4 exd4 4. Nxd4 Nf6 5. Nxc6 bxc6 6. Nd2 d5 7. exd5 cxd5 8. Bb5+ Bd7 9. Bxd7+ Qxd7 10. 0-0 Be7 11. Nf3 0-0 12. Bg5 h6 13. Bh4 g5 14. Bg3 Ne4 15. c4 Rad8 1/2-1/2

[Event "Ferreira do Alentejo 2nd"]
[Site "Ferreira do Alentejo"]
[Date "2019.12.17"]
[Round "1"]
[White "Carrasco Martinez, Juan Manuel"]
[Black "Ramos, Alvaro Manuel Nobre"]
[Result "1-0"]
[WhiteElo "2385"]
[BlackElo "1868"]
[PlyCount "127"]
[EventDate "2019.12.17"]
[EventType "swiss"]
[EventRounds "9"]
[EventCountry "POR"]
[SourceTitle "CBM 193 Extra"]
[Source "ChessBase"]
[SourceDate "2020.01.31"]
[SourceVersion "1"]
[SourceVersionDate "2020.01.31"]
[SourceQuality "1"]

1. e4 c5 2. Nc3 d6 3. f4 e6 4. Nf3 a6 5. g3 Qc7 6. a4 b6 7. Bg2 Bb7 8. 0-0 Nf6 9. d3 Nbd7 10. h3 h6 11. g4 Be7 12. Qe2 e5 13. Bd2 Rc8 14. b3 Bc6 15. fxe5 Nxe5 16. Nxe5 dxe5 17. Nd1 Bd7 18. Ne3 0-0 19. h4 Be6 20. Nf5 Bxf5 21. Rxf5 Nh7 22. Bc3 f6 23. Bf1 Qd7 24. Qg2 g6 25. Rf3 Kg7 26. Kh1 Rh8 27. Qg3 Qd6 28. Bh3 Rc7 29. Rg1 g5 30. h5 Rf8 31. Rf5 Qd7 32. Rgf1 Bd6 33. R5f2 Rf7 34. Qf3 a5 35. Bg2 Rc6 36. Qf5 Qxf5 37. exf5 Rcc7 38. Bd2 Rc8 39. Be3 Rfc7 40. c3 Nf8 41. Bd5 Rd8 42. Kg2 Be7 43. Bc4 Bd6 44. Rd2 Re7 45. Rfd1 Bc7 46. Bg1 Rd6 47. Bb5 Rd8 48. d4 exd4 49. cxd4 Re4 50. Kh3 Bf4 51. Rd3 cxd4 52. Rxd4 Rdxd4 53. Rxd4 Re1 54. Bf2 Re7 55. Kg2 Rc7 56. Rc4 Rxc4 57. bxc4 Bc7 58. Be8 Nh7 59. Bd4 Bd8 60. Kf3 Kf8 61. Bg6 Kg7 62. Ke4 Nf8 63. Be8 Nh7 64. Kd5 1-0

[Event "Lisbon Portugal rapid op"]
[Site "Lisbon"]
[Date "2019.02.10"]
[Round "5"]
[White "Bilguun, Sumiya"]
[Black "Carrasco Martinez, Juan Manuel"]
[Result "1-0"]
[WhiteElo "2471"]
[BlackElo "2380"]
[PlyCount "49"]
[EventDate "2019.02.10"]
[EventType "swiss (rapid)"]
[EventRounds "8"]
[EventCountry "POR"]
[SourceTitle "CBM 188 Extra"]
[Source "ChessBase"]
[SourceDate "2019.02.26"]
[SourceVersion "1"]
[SourceVersionDate "2019.02.26"]
[SourceQuality "1"]

1. e4 e6 2. Qe2 c5 3. Nf3 Nc6 4. g3 d6 5. c3 g6 6. Bg2 Bg7 7. 0-0 Nge7 8. Rd1 0-0 9. d4 cxd4 10. cxd4 b6 11. Nc3 a5 12. Be3 Ba6 13. Qd2 d5 14. Bh6 dxe4 15. Nxe4 Nd5 16. h4 f5 17. Bxg7 Kxg7 18. Neg5 Re8 19. Re1 Qd6 20. Ne5 Ra7 21. Nxc6 Qxc6 22. Re5 Rd7 23. Rc1 Qa8 24. Nxe6+ Kg8 25. Nc7 1-0

[Event "Lisbon Portugal op"]
[Site "Lisbon"]
[Date "2019.02.07"]
[Round "7"]
[White "Dvirnyy, Danyyil"]
[Black "Carrasco Martinez, Juan Manuel"]
[Result "1-0"]
[WhiteElo "2487"]
[BlackElo "2380"]
[PlyCount "77"]
[EventDate "2019.02.02"]
[EventType "swiss"]
[EventRounds "9"]
[EventCountry "POR"]
[SourceTitle "CBM 188 Extra"]
[Source "ChessBase"]
[SourceDate "2019.02.26"]
[SourceVersion "1"]
[SourceVersionDate "2019.02.26"]
[SourceQuality "1"]

1. d4 Nf6 2. c4 c5 3. d5 b5 4. cxb5 a6 5. bxa6 g6 6. Nc3 Bg7 7. Nf3 0-0 8. g3 d6 9. Bg2 Nbd7 10. Rb1 Nb6 11. Nd2 Bxa6 12. 0-0 Bb7 13. e4 Ba6 14. Re1 Nfd7 15. Nf3 Nc4 16. Qc2 Qa5 17. Bf1 Rfb8 18. Rd1 Nde5 19. Ne1 Nb6 20. Bg2 Nec4 21. Bf1 Na3 22. bxa3 Bxf1 23. Kxf1 Bxc3 24. Nf3 Bf6 25. Kg2 Qa4 26. Rd2 c4 27. Rb4 Qxc2 28. Rxc2 c3 29. Nd4 Bxd4 30. Rxd4 Ra4 31. Rb4 Rxb4 32. axb4 Na4 33. a3 e6 34. Kf3 Rb5 35. dxe6 fxe6 36. Ke3 d5 37. Kd3 dxe4+ 38. Kc4 Rf5 39. Be3 1-0

[Event "Lisbon Portugal op"]
[Site "Lisbon"]
[Date "2019.02.06"]
[Round "5"]
[White "Li, Yunshan"]
[Black "Carrasco Martinez, Juan Manuel"]
[Result "1/2-1/2"]
[WhiteElo "2196"]
[BlackElo "2380"]
[PlyCount "178"]
[EventDate "2019.02.02"]
[EventType "swiss"]
[EventRounds "9"]
[EventCountry "POR"]
[SourceTitle "CBM 188 Extra"]
[Source "ChessBase"]
[SourceDate "2019.02.26"]
[SourceVersion "1"]
[SourceVersionDate "2019.02.26"]
[SourceQuality "1"]

1. d4 Nf6 2. c4 c5 3. d5 b5 4. cxb5 a6 5. e3 d6 6. Nc3 g6 7. Nf3 Bg7 8. a4 0-0 9. e4 Nbd7 10. Ra3 Ne8 11. Rb3 axb5 12. Bxb5 Ba6 13. 0-0 Bxb5 14. axb5 Nb6 15. Qc2 Nc7 16. Bf4 Qd7 17. Rd1 Ra5 18. e5 Rfa8 19. h4 Ra1 20. Kh2 Rxd1 21. Qxd1 Qf5 22. Bg3 dxe5 23. Ra3 Rd8 24. Qe1 f6 25. Ra7 Qc8 26. Nd2 Qb8 27. Qa1 Nc8 28. Ra5 Nd6 29. Qa4 Qb6 30. f4 exf4 31. Bxf4 f5 32. Nc4 Nxc4 33. Qxc4 Kf8 34. Ra1 Bd4 35. Rc1 Qf6 36. g3 Be5 37. Bxe5 Qxe5 38. Qxc5 Rxd5 39. Nxd5 Nxd5 40. Rc2 Qe4 41. Qc8+ Kg7 42. Qc4 Qf3 43. Qe2 Qb3 44. Rc5 Ne3 45. Rc3 Ng4+ 46. Kg1 Qb4 47. Kg2 Qd6 48. Rd3 Qc7 49. b6 Qc6+ 50. Kg1 Qxb6+ 51. Kf1 Qb7 52. Ke1 Qb4+ 53. Kd1 Qa4+ 54. Kd2 Qb4+ 55. Kc1 Nf6 56. Qe5 Kf7 57. Qc3 Qe4 58. Re3 Qh1+ 59. Re1 Qd5 60. Kc2 Qg2+ 61. Kb1 Ne4 62. Qc4+ Kf8 63. Qc8+ Kf7 64. Qc4+ Kf8 65. Qd3 Nd2+ 66. Kc1 Ne4 67. Qd8+ Kf7 68. Qd5+ Kf8 69. Qd8+ Kf7 70. Qd5+ Kf8 71. Qd3 Kf7 72. Re2 Qg1+ 73. Kc2 Qc5+ 74. Kb1 Qg1+ 75. Ka2 Qa7+ 76. Qa3 Qc7 77. Qb3+ Kg7 78. Rc2 Qa5+ 79. Qa3 Qd5+ 80. b3 Kf7 81. Qa6 Nc3+ 82. Kb2 Nb5 83. Qc6 Qd4+ 84. Kc1 Qg1+ 85. Kd2 Qf2+ 86. Kc1 Qg1+ 87. Kd2 Qf2+ 88. Kc1 Qg1+ 89. Kd2 Qf2+ 1/2-1/2

[Event "Lisbon Portugal op"]
[Site "Lisbon"]
[Date "2019.02.02"]
[Round "1"]
[White "Takvorian, Richard"]
[Black "Carrasco Martinez, Juan Manuel"]
[Result "0-1"]
[WhiteElo "1898"]
[BlackElo "2380"]
[PlyCount "66"]
[EventDate "2019.02.02"]
[EventType "swiss"]
[EventRounds "9"]
[EventCountry "POR"]
[SourceTitle "CBM 188 Extra"]
[Source "ChessBase"]
[SourceDate "2019.02.26"]
[SourceVersion "1"]
[SourceVersionDate "2019.02.26"]
[SourceQuality "1"]

1. Nf3 Nf6 2. d4 c5 3. d5 g6 4. c4 b5 5. Nc3 b4 6. Na4 d6 7. b3 Bg7 8. Bb2 0-0 9. Nd2 Bd7 10. e4 Bxa4 11. bxa4 Nbd7 12. Bd3 Re8 13. 0-0 Nxe4 14. Bxg7 Nxd2 15. Qxd2 Kxg7 16. Bc2 e5 17. dxe6 Rxe6 18. Bb3 Qf6 19. Rfe1 Rae8 20. Rad1 Rxe1+ 21. Rxe1 Rxe1+ 22. Qxe1 Qd4 23. h3 Ne5 24. Qc1 h6 25. Qc2 a5 26. Qe2 Nd3 27. Qc2 Qa1+ 28. Qd1 Qxd1+ 29. Bxd1 Nc1 30. Bb3 Nxb3 31. axb3 d5 32. cxd5 c4 33. d6 Kf6 0-1

[Event "ESP-chT CECLUB Div2"]
[Site "Linares"]
[Date "2018.08.17"]
[Round "5.5"]
[White "Carrasco Martinez, Juan Manuel"]
[Black "Castella Garcia, Fausto"]
[Result "1-0"]
[WhiteElo "2373"]
[BlackElo "2344"]
[PlyCount "35"]
[EventDate "2018.08.14"]
[EventType "team-swiss"]
[EventRounds "7"]
[EventCountry "ESP"]
[SourceTitle "CBM 186 Extra"]
[Source "ChessBase"]
[SourceDate "2018.08.24"]
[SourceVersion "1"]
[SourceVersionDate "2018.08.24"]
[SourceQuality "1"]
[WhiteTeam "Casareno iAcere"]
[BlackTeam "Xeraco CE"]
[WhiteTeamCountry "ESP"]
[BlackTeamCountry "ESP"]

1. e4 c5 2. Nc3 Nc6 3. Bb5 Nd4 4. Bc4 e6 5. Nf3 Qc7 6. d3 Nf6 7. Nxd4 cxd4 8. Nb5 Qc5 9. c3 d5 10. Bb3 dxc3 11. Be3 Qb4 12. bxc3 Qa5 13. Bf4 Ke7 14. Nc7 Rb8 15. 0-0 dxe4 16. Nxe6 fxe6 17. Bxb8 e5 18. dxe4 1-0

[Event "ESP-chT CECLUB Div2"]
[Site "Linares"]
[Date "2018.08.15"]
[Round "2.5"]
[White "Carrasco Martinez, Juan Manuel"]
[Black "Marino Bravo, Miguel Angel"]
[Result "1-0"]
[WhiteElo "2373"]
[BlackElo "2194"]
[PlyCount "91"]
[EventDate "2018.08.14"]
[EventType "team-swiss"]
[EventRounds "7"]
[EventCountry "ESP"]
[SourceTitle "CBM 186 Extra"]
[Source "ChessBase"]
[SourceDate "2018.08.24"]
[SourceVersion "1"]
[SourceVersionDate "2018.08.24"]
[SourceQuality "1"]
[WhiteTeam "Casareno iAcere"]
[BlackTeam "Covadonga Cultura"]
[WhiteTeamCountry "ESP"]
[BlackTeamCountry "ESP"]

1. e4 c5 2. Nc3 g6 3. f4 Bg7 4. Nf3 Nf6 5. e5 Ng4 6. h3 Nh6 7. g4 0-0 8. Bg2 d6 9. d3 Nc6 10. 0-0 dxe5 11. fxe5 Nxe5 12. Nxe5 Qd4+ 13. Kh1 Qxe5 14. Bf4 Qd4 15. Qd2 Nxg4 16. hxg4 Bxg4 17. Rae1 Qd7 18. Bh6 Bh3 19. Rf3 Bxg2+ 20. Kxg2 f5 21. Bxg7 Kxg7 22. Qf4 Kg8 23. Rfe3 Rf7 24. Re6 Re8 25. Qe5 Qd4 26. Qxd4 cxd4 27. Nb5 Rc8 28. Nxd4 Kf8 29. c3 Rc5 30. Rxg6 hxg6 31. Ne6+ Ke8 32. Nxc5 b6 33. Ne6 Kd7 34. Kf3 Kd6 35. Ng5 Rf6 36. Kf4 Kd7 37. d4 Rf8 38. Rh1 Kd6 39. Rh6 Rf6 40. Rh8 Kd5 41. Re8 Kd6 42. Rd8+ Kc7 43. Rg8 Kd6 44. Nf3 e6 45. Rg7 Rf8 46. Ne5 1-0

[Event "ESP-chT CECLUB Div2"]
[Site "Linares"]
[Date "2018.08.15"]
[Round "3.1"]
[White "Carrasco Martinez, Juan Manuel"]
[Black "Muzychuk, Mariya"]
[Result "1-0"]
[WhiteElo "2373"]
[BlackElo "2528"]
[PlyCount "99"]
[EventDate "2018.08.14"]
[EventType "team-swiss"]
[EventRounds "7"]
[EventCountry "ESP"]
[SourceTitle "CBM 186 Extra"]
[Source "ChessBase"]
[SourceDate "2018.08.24"]
[SourceVersion "1"]
[SourceVersionDate "2018.08.24"]
[SourceQuality "1"]
[WhiteTeam "Casareno iAcere"]
[BlackTeam "Paterna Laboratorio SyS"]
[WhiteTeamCountry "ESP"]
[BlackTeamCountry "ESP"]

1. e4 c5 2. Nc3 e6 3. Nge2 Nc6 4. g3 Nf6 5. Bg2 d5 6. exd5 exd5 7. d4 Bg4 8. h3 Bh5 9. g4 Bg6 10. Be3 cxd4 11. Nxd4 Bb4 12. 0-0 Bxc3 13. bxc3 0-0 14. Rb1 Qd7 15. c4 Rad8 16. g5 Ne4 17. cxd5 Ne7 18. Qg4 Nxd5 19. Rbd1 Rfe8 20. Qxd7 Rxd7 21. Nb5 Red8 22. Bxa7 Nf4 23. Rxd7 Rxd7 24. Be3 Nxg2 25. Kxg2 Nxg5 26. Nd4 h6 27. Rb1 Be4+ 28. f3 Bd5 29. a4 Ne6 30. Nf5 Rc7 31. Kg3 Kh7 32. Rb5 Bc4 33. Rb4 Ba6 34. Nd6 Rc3 35. Rb3 Rxc2 36. Nxf7 Ra2 37. Nd6 Bf1 38. f4 Rxa4 39. Rxb7 Ra6 40. Ne8 Ra3 41. f5 Nd8 42. Rxg7+ Kh8 43. Kf2 Bb5 44. Bd4 Nc6 45. Bf6 Ra2+ 46. Kg1 Re2 47. Nd6 Re1+ 48. Kh2 Ne5 49. Re7+ Kg8 50. Bxe5 1-0

[Event "Seville op 43rd"]
[Site "Seville"]
[Date "2018.01.16"]
[Round "5"]
[White "Swapnil, S Dhopade"]
[Black "Carrasco Martinez, Juan Manuel"]
[Result "1/2-1/2"]
[WhiteElo "2533"]
[BlackElo "2373"]
[PlyCount "79"]
[EventDate "2018.01.12"]
[EventType "swiss"]
[EventRounds "9"]
[EventCountry "ESP"]
[SourceTitle "CBM 182 Extra"]
[Source "ChessBase"]
[SourceDate "2018.02.23"]
[SourceVersion "1"]
[SourceVersionDate "2018.02.23"]
[SourceQuality "1"]

1. d4 Nf6 2. c4 c5 3. d5 b5 4. cxb5 a6 5. bxa6 g6 6. Nc3 Bg7 7. a7 Rxa7 8. e4 0-0 9. Nf3 e6 10. Be2 exd5 11. exd5 Ba6 12. 0-0 d6 13. Bf4 Qb6 14. Rb1 Nbd7 15. Nd2 Bxe2 16. Qxe2 Nh5 17. Be3 Qa6 18. Qxa6 Rxa6 19. Nc4 Rb8 20. Bd2 Ne5 21. b3 f5 22. Nxe5 Bxe5 23. Na4 Nf6 24. Bc3 Nxd5 25. Bxe5 dxe5 26. Rbc1 Nb4 27. Rxc5 Nxa2 28. Rxe5 Rc6 29. Re3 Nc1 30. g3 Nxb3 31. Rb1 Rc1+ 32. Rxc1 Nxc1 33. Nc5 Rc8 34. Nd7 Kf7 35. Ne5+ Kf6 36. Nd7+ Kf7 37. h4 Rc7 38. Ne5+ Kf6 39. Nf3 Rc3 40. Rxc3 1/2-1/2

[Event "Lisbon Portugal op"]
[Site "Lisbon"]
[Date "2017.02.09"]
[Round "8"]
[White "Palac, Mladen"]
[Black "Carrasco Martinez, Juan Manuel"]
[Result "0-1"]
[WhiteElo "2600"]
[BlackElo "2352"]
[PlyCount "118"]
[EventDate "2017.02.04"]
[EventType "swiss"]
[EventRounds "9"]
[EventCountry "POR"]
[SourceTitle "CBM 176 Extra"]
[Source "ChessBase"]
[SourceDate "2017.03.02"]
[SourceVersion "1"]
[SourceVersionDate "2017.03.02"]
[SourceQuality "1"]

1. e4 g6 2. d4 Bg7 3. c4 c5 4. Nf3 cxd4 5. Nxd4 Nc6 6. Be3 Nf6 7. Nc3 d6 8. Be2 0-0 9. 0-0 Bd7 10. h3 Nxd4 11. Bxd4 Bc6 12. Qc2 Nd7 13. Bxg7 Kxg7 14. b4 b6 15. Rac1 a5 16. a3 axb4 17. axb4 Ra7 18. Rfe1 Qb8 19. Qd2 Nf6 20. Bf1 Rc8 21. Re3 e5 22. Rd1 Rd7 23. g3 Qa8 24. f3 h5 25. h4 Rdd8 26. Rd3 Ne8 27. Qe3 Qb8 28. R3d2 Rc7 29. Ra1 Ra7 30. Rxa7 Qxa7 31. Ra2 Qc7 32. Ra6 Rb8 33. Qd2 Nf6 34. Ra1 Rd8 35. Rd1 Qa7 36. Qb2 b5+ 37. Kg2 bxc4 38. Bxc4 Qc7 39. Rc1 Rb8 40. Bf1 Qb6 41. b5 Bd7 42. Qb4 Be6 43. Rd1 Ne8 44. Na4 Qe3 45. Rd3 Qc1 46. Qc3 Bh3+ 47. Kxh3 Qxf1+ 48. Kh2 Qf2+ 49. Kh3 Ra8 50. Qb3 Rxa4 51. Qxa4 Qf1+ 52. Kh2 Qxd3 53. b6 Qe2+ 54. Kg1 Qe3+ 55. Kg2 Qxb6 56. Qxe8 Qb2+ 57. Kg1 Qe2 58. Qc6 Qxf3 59. Kh2 Qf2+ 0-1

[Event "Lisbon Portugal op"]
[Site "Lisbon"]
[Date "2017.02.04"]
[Round "1"]
[White "Can, Isil"]
[Black "Carrasco Martinez, Juan Manuel"]
[Result "0-1"]
[WhiteElo "1749"]
[BlackElo "2352"]
[PlyCount "52"]
[EventDate "2017.02.04"]
[EventType "swiss"]
[EventRounds "9"]
[EventCountry "POR"]
[SourceTitle "CBM 176 Extra"]
[Source "ChessBase"]
[SourceDate "2017.03.02"]
[SourceVersion "1"]
[SourceVersionDate "2017.03.02"]
[SourceQuality "1"]

1. e4 d6 2. d4 Nf6 3. Bd3 g6 4. c3 Bg7 5. Nf3 0-0 6. 0-0 c5 7. h3 Nc6 8. d5 Ne5 9. Nxe5 dxe5 10. Nd2 Ne8 11. f4 exf4 12. Rxf4 Qc7 13. Qf1 e6 14. c4 Nd6 15. Rb1 exd5 16. exd5 Bf5 17. Ne4 Bxe4 18. Bxe4 Rae8 19. Bd3 f5 20. a3 Ne4 21. Bxe4 Bd4+ 22. Kh1 fxe4 23. Rxf8+ Rxf8 24. Qe1 e3 25. b3 Qe5 26. d6 e2 0-1